| 000 | 00928cam a2200361 4500500 | ||
|---|---|---|---|
| 005 | 20260329005115.0 | ||
| 041 | _afre | ||
| 042 | _adc | ||
| 100 | 1 | 0 |
_aEltchaninoff, Michel _eauthor |
| 245 | 0 | 0 | _aOdessa, la guerre en embuscade |
| 260 | _c2022. | ||
| 500 | _a72 | ||
| 690 | _aBombe | ||
| 690 | _aCancel Culture | ||
| 690 | _aCosmopolitisme | ||
| 690 | _aCulture | ||
| 690 | _aGuerre | ||
| 690 | _aInvasion | ||
| 690 | _aMichel Eltchaninoff | ||
| 690 | _aOdessa | ||
| 690 | _aopéra | ||
| 690 | _aPaix | ||
| 690 | _aPlage | ||
| 690 | _aPoutine | ||
| 690 | _aReportage | ||
| 690 | _aRésistance | ||
| 690 | _aRussie | ||
| 690 | _aSvetlana Alexievitch | ||
| 690 | _aUkraine | ||
| 690 | _aURSS | ||
| 786 | 0 | _nPhilosophie magazine | 161 | 8 | 2022-07-01 | p. 15-18 | 1951-1787 | |
| 856 | 4 | 1 | _uhttps://shs.cairn.info/magazine-philosophie-magazine-2022-8-page-15?lang=fr&redirect-ssocas=7080 |
| 999 |
_c1840358 _d1840358 |
||